[Event "POL-chT 2nd League"]
[Site "Jastrzebia Gora"]
[Date "2023.09.06"]
[Round "5.132"]
[White "Dziopa, Malgorzata"]
[Black "Szelag, Zuzanna"]
[Result "0-1"]
[WhiteElo "1727"]
[BlackElo "1783"]
[PlyCount "74"]
[EventDate "2023.09.02"]
[EventType "team-swiss"]
[EventRounds "9"]
[EventCountry "POL"]
[SourceTitle "EXT 2024"]
[Source "ChessBase"]
[SourceDate "2023.10.10"]
[SourceVersion "1"]
[SourceVersionDate "2023.10.10"]
[SourceQuality "1"]
[WhiteTeam "Lubsko Caissa"]
[BlackTeam "Rzeszow RzKSz"]
[WhiteTeamCountry "POL"]
[BlackTeamCountry "POL"]

1. d4 Nf6 2. c4 g6 3. Nc3 Bg7 4. e4 d6 5. Nf3 0-0 6. Be2 e5 7. dxe5 dxe5 8. Qxd8 Rxd8 9. h3 h6 10. 0-0 Nc6 11. Be3 Nd4 12. Nd2 c6 13. Rad1 Be6 14. f3 Nxe2+ 15. Nxe2 Rd3 16. Kf2 Rad8 17. Nc1 R3d7 18. b3 Bf8 19. Ke2 Nh5 20. Rf2 Ng3+ 21. Ke1 Be7 22. Ne2 Bh4 23. Nxg3 Bxg3 24. Ke2 Bxf2 25. Kxf2 Kg7 26. Ke2 b6 27. Rc1 f5 28. Nb1 f4 29. Bf2 g5 30. Nc3 Rd2+ 31. Ke1 Rb2 32. Rd1 Rxd1+ 33. Nxd1 Rxa2 34. h4 g4 35. g3 gxf3 36. gxf4 Bh3 37. Nc3 Rc2 0-1

[Event "POL-chT 2nd League"]
[Site "Lazy"]
[Date "2012.09.09"]
[Round "9"]
[White "Swiatnicka, Malgorzata"]
[Black "Dziopa, Malgorzata"]
[Result "1-0"]
[WhiteElo "1819"]
[BlackElo "1792"]
[PlyCount "75"]
[EventDate "2012.09.01"]
[EventType "team-swiss"]
[EventRounds "9"]
[EventCountry "POL"]
[SourceTitle "EXT 2019"]
[Source "ChessBase"]
[SourceDate "2018.10.10"]
[SourceVersion "1"]
[SourceVersionDate "2018.10.10"]
[SourceQuality "1"]
[WhiteTeam "Konin Hetman"]
[BlackTeam "Lubsko Caissa"]
[WhiteTeamCountry "POL"]
[BlackTeamCountry "POL"]

1. e4 e5 2. d4 exd4 3. Nf3 Nc6 4. Nxd4 Bc5 5. Be3 Qf6 6. c3 Nge7 7. Bc4 Ne5 8. Be2 d5 9. Nd2 Qg6 10. Qc2 0-0 11. 0-0-0 Ng4 12. Bxg4 Bxg4 13. f3 Bd7 14. Nf5 Bxf5 15. Bxc5 dxe4 16. fxe4 Bg4 17. Bxe7 Rfe8 18. Bh4 Bxd1 19. Rxd1 Qxg2 20. Bg3 c6 21. e5 Rad8 22. Nc4 Qf3 23. Rxd8 Rxd8 24. Nd6 Rd7 25. Qf5 Qxf5 26. Nxf5 Rd3 27. Kc2 Rf3 28. Nd6 b5 29. Nc8 g5 30. Kd2 h5 31. Ke2 g4 32. Nxa7 f5 33. Nxc6 f4 34. Bf2 Rh3 35. Bg1 g3 36. hxg3 fxg3 37. Kf3 h4 38. Kg2 1-0

[Event "POL-chT 2nd League"]
[Site "Lazy"]
[Date "2012.09.03"]
[Round "3"]
[White "Dziopa, Malgorzata"]
[Black "Maszota, Natalia"]
[Result "0-1"]
[WhiteElo "1792"]
[BlackElo "2116"]
[PlyCount "58"]
[EventDate "2012.09.01"]
[EventType "team-swiss"]
[EventRounds "9"]
[EventCountry "POL"]
[SourceTitle "EXT 2019"]
[Source "ChessBase"]
[SourceDate "2018.10.10"]
[SourceVersion "1"]
[SourceVersionDate "2018.10.10"]
[SourceQuality "1"]
[WhiteTeam "Lubsko Caissa"]
[BlackTeam "Gdynia Korsarz"]
[WhiteTeamCountry "POL"]
[BlackTeamCountry "POL"]

1. d4 c5 2. dxc5 e5 3. c4 Bxc5 4. Nc3 Nf6 5. Nf3 Nc6 6. e3 0-0 7. Be2 d6 8. 0-0 e4 9. Nd4 Re8 10. b3 a6 11. Bb2 Ba7 12. Qd2 Ng4 13. h3 Nxd4 14. exd4 e3 15. fxe3 Nxe3 16. Rf3 Qh4 17. Nd1 Nf5 18. Rf4 Qe7 19. Bd3 Ng3 20. Qf2 Nh5 21. Re4 Be6 22. Nc3 Qg5 23. Kh2 d5 24. Re3 Bxd4 25. Nxd5 Bxe3 26. Nxe3 Rad8 27. Rd1 Nf4 28. Bc2 Rxd1 29. Nxd1 Nd3 0-1

[Event "POL-chT 2nd League"]
[Site "Mrzezyno"]
[Date "2011.09.09"]
[Round "7"]
[White "Wesolowska, Katarzyna"]
[Black "Dziopa, Malgorzata"]
[Result "1-0"]
[WhiteElo "1765"]
[BlackElo "1816"]
[PlyCount "87"]
[EventDate "2011.09.03"]
[EventType "team-swiss"]
[EventRounds "9"]
[EventCountry "POL"]
[SourceTitle "EXT 2015"]
[Source "ChessBase"]
[SourceDate "2014.11.20"]
[SourceVersion "1"]
[SourceVersionDate "2014.11.20"]
[SourceQuality "1"]
[WhiteTeam "Wolsztyn UKS Szach"]
[BlackTeam "Lubsko Caissa"]
[WhiteTeamCountry "POL"]
[BlackTeamCountry "POL"]

1. e4 e5 2. Nf3 Nf6 3. Nc3 Bb4 4. Nxe5 d6 5. Nd3 Bxc3 6. dxc3 Nxe4 7. Be2 0-0 8. 0-0 Nc6 9. Bf3 Re8 10. Re1 Bf5 11. Be3 Qd7 12. Nf4 Rad8 13. c4 Ne5 14. Be2 Ng6 15. Nxg6 Bxg6 16. Bg4 Bf5 17. Bxf5 Qxf5 18. Qd3 Qg6 19. f3 Nf6 20. Qxg6 hxg6 21. Bg5 Kf8 22. Rad1 Rxe1+ 23. Rxe1 Re8 24. Rxe8+ Kxe8 25. Bxf6 gxf6 26. Kf2 Ke7 27. Ke3 Ke6 28. Ke4 a5 29. b3 g5 30. f4 f5+ 31. Ke3 g4 32. Kd4 c6 33. c5 d5 34. c4 dxc4 35. Kxc4 Kf6 36. a3 Ke6 37. b4 Kf6 38. Kd4 axb4 39. axb4 Ke6 40. Kc4 Ke7 41. b5 Ke6 42. bxc6 bxc6 43. h4 gxh3 44. gxh3 1-0

[Event "POL-chT 2st League"]
[Site "Mrzezyno"]
[Date "2010.09.09"]
[Round "6.96"]
[White "Bartczak, Hanna"]
[Black "Dziopa, Malgorzata"]
[Result "0-1"]
[WhiteElo "1652"]
[BlackElo "1809"]
[PlyCount "90"]
[EventDate "2010.09.04"]
[EventType "team-swiss"]
[EventRounds "9"]
[EventCountry "POL"]
[SourceTitle "EXT 2019"]
[Source "ChessBase"]
[SourceDate "2018.10.10"]
[SourceVersion "1"]
[SourceVersionDate "2018.10.10"]
[SourceQuality "1"]
[WhiteTeam "Izabelin SSz Parazauroloff"]
[BlackTeam "Lubsko Caissa"]
[WhiteTeamCountry "POL"]
[BlackTeamCountry "POL"]

1. Nf3 d5 2. c4 e6 3. d4 Nf6 4. g3 Be7 5. Bg2 0-0 6. 0-0 c5 7. Nc3 dxc4 8. dxc5 Bxc5 9. Qa4 Nc6 10. Qxc4 Qe7 11. Bg5 Bb6 12. Ne4 e5 13. Nxf6+ gxf6 14. Bh6 Rd8 15. Nh4 f5 16. Qc1 Nd4 17. Re1 Be6 18. Qg5+ Qxg5 19. Bxg5 Rd7 20. Rad1 Nxe2+ 21. Kh1 Rxd1 22. Rxd1 Nd4 23. Bf6 Nc6 24. Kg1 Bd8 25. Bxd8 Rxd8 26. Rxd8+ Nxd8 27. a3 Kg7 28. Nf3 Kf6 29. Nd2 h6 30. Kf1 Ke7 31. Ke2 Kd6 32. Kd3 f6 33. Kc3 Nc6 34. b4 b6 35. Bxc6 Kxc6 36. Nc4 Bxc4 37. Kxc4 b5+ 38. Kd3 Kd5 39. f3 a6 40. h4 h5 41. Ke3 e4 42. fxe4+ fxe4 43. g4 hxg4 44. h5 Ke6 45. h6 f5 0-1

[Event "POL-chT 2nd League"]
[Site "Lublin"]
[Date "2006.09.10"]
[Round "9.120"]
[White "Dziopa, Malgorzata"]
[Black "Kasprzyk, Irena"]
[Result "0-1"]
[WhiteElo "1800"]
[BlackElo "2110"]
[PlyCount "56"]
[EventDate "2006.09.02"]
[EventType "team-swiss"]
[EventRounds "9"]
[EventCountry "POL"]
[SourceTitle "EXT 2019"]
[Source "ChessBase"]
[SourceDate "2018.10.10"]
[SourceVersion "1"]
[SourceVersionDate "2018.10.10"]
[SourceQuality "1"]
[WhiteTeam "Lubsko Caissa"]
[BlackTeam "Lublin AZS UMCS II"]
[WhiteTeamCountry "POL"]
[BlackTeamCountry "POL"]

1. d4 f5 2. Bg5 g6 3. Nf3 d6 4. c3 Bg7 5. e3 Nf6 6. Bxf6 Bxf6 7. Bc4 e6 8. 0-0 0-0 9. Qc2 Kg7 10. Rd1 Qe7 11. Nbd2 Nc6 12. e4 e5 13. dxe5 dxe5 14. exf5 gxf5 15. Nb3 Kh8 16. Re1 Qg7 17. Rad1 e4 18. Nfd4 Ne5 19. Bf1 b6 20. Kh1 c5 21. Ne2 c4 22. Nbd4 Nd3 23. Ng3 Nxe1 24. Rxe1 Bxd4 25. cxd4 b5 26. Rd1 Bb7 27. Qd2 f4 28. Ne2 e3 0-1

[Event "POL-chT 2nd League"]
[Site "Lublin"]
[Date "2006.09.06"]
[Round "5.114"]
[White "Jackowska, Aleksandra"]
[Black "Dziopa, Malgorzata"]
[Result "1-0"]
[WhiteElo "2013"]
[BlackElo "1800"]
[PlyCount "95"]
[EventDate "2006.09.02"]
[EventType "team-swiss"]
[EventRounds "9"]
[EventCountry "POL"]
[SourceTitle "EXT 2019"]
[Source "ChessBase"]
[SourceDate "2018.10.10"]
[SourceVersion "1"]
[SourceVersionDate "2018.10.10"]
[SourceQuality "1"]
[WhiteTeam "Myslenice MLKSz"]
[BlackTeam "Lubsko Caissa"]
[WhiteTeamCountry "POL"]
[BlackTeamCountry "POL"]

1. e4 e5 2. Nc3 Nc6 3. Bc4 Nf6 4. d3 h6 5. f4 Bb4 6. Nge2 d5 7. exd5 Nxd5 8. 0-0 Nxc3 9. bxc3 Bc5+ 10. Kh1 0-0 11. f5 Kh7 12. Ng3 Be7 13. Qh5 Bg5 14. Bxf7 Rxf7 15. Qxf7 Bxc1 16. Raxc1 Qd7 17. Qg6+ Kg8 18. f6 Qf7 19. Qxf7+ Kxf7 20. fxg7+ Kxg7 21. Rce1 Bd7 22. Ne4 b6 23. Re3 Ne7 24. Rg3+ Ng6 25. Rf6 Be8 26. Re6 Bf7 27. Rxe5 Kf8 28. Rf5 Ke7 29. Re3 Be6 30. Rh5 Rh8 31. c4 Bg4 32. Nf2+ Be6 33. d4 Kd7 34. d5 Bf7 35. Ng4 Rf8 36. Nxh6 Rh8 37. Rf5 Be8 38. Ng4 Kd8 39. Ne5 Nxe5 40. Rfxe5 Ba4 41. c3 Bc2 42. g4 Bb1 43. a3 Ba2 44. g5 Bxc4 45. g6 Rg8 46. Rg3 Ba2 47. h4 Bb1 48. h5 1-0

[Event "POL-chT 2nd League"]
[Site "Polanica Zdroj"]
[Date "2004.09.09"]
[Round "7"]
[White "Dziopa, Malgorzata"]
[Black "Woniak, Katarzyna"]
[Result "0-1"]
[WhiteElo "1900"]
[BlackElo "1997"]
[PlyCount "72"]
[EventDate "2004.09.04"]
[EventType "team-swiss"]
[EventRounds "11"]
[EventCountry "POL"]
[SourceTitle "CBM 102 Extra"]
[Source "ChessBase"]
[SourceDate "2004.11.03"]
[SourceVersion "1"]
[SourceVersionDate "2004.11.03"]
[SourceQuality "1"]
[WhiteTeam "Lubsko Caissa"]
[BlackTeam "Turek Tecza"]
[WhiteTeamCountry "POL"]
[BlackTeamCountry "POL"]

1. d4 d5 2. c4 e6 3. Nc3 f5 4. g3 Nf6 5. Bg2 c6 6. c5 Be7 7. e3 b6 8. b4 a5 9. Qa4 Bb7 10. Nge2 0-0 11. 0-0 g5 12. a3 axb4 13. Qxb4 Nbd7 14. Qb3 Ba6 15. cxb6 Nxb6 16. Qc2 Nc4 17. a4 h5 18. Nb1 Qe8 19. Ba3 Nxa3 20. Nxa3 Bxe2 21. Qxe2 Rxa4 22. Nc2 Rxa1 23. Rxa1 c5 24. dxc5 Bxc5 25. Nd4 Ne4 26. Ra6 Bxd4 27. exd4 g4 28. f3 gxf3 29. Bxf3 h4 30. gxh4 Rf7 31. Kf1 Qc8 32. h5 Qc1+ 33. Qd1 Qe3 34. Ra8+ Kh7 35. Qe2 Nd2+ 36. Kg2 Rg7+ 0-1

[Event "POL-chT 2nd League"]
[Site "Polanica Zdroj"]
[Date "2004.09.08"]
[Round "6"]
[White "Kozlowska, Marzena"]
[Black "Dziopa, Malgorzata"]
[Result "1-0"]
[WhiteElo "1900"]
[BlackElo "1900"]
[PlyCount "59"]
[EventDate "2004.09.04"]
[EventType "team-swiss"]
[EventRounds "11"]
[EventCountry "POL"]
[SourceTitle "CBM 102 Extra"]
[Source "ChessBase"]
[SourceDate "2004.11.03"]
[SourceVersion "1"]
[SourceVersionDate "2004.11.03"]
[SourceQuality "1"]
[WhiteTeam "Srem LKS Piast"]
[BlackTeam "Lubsko Caissa"]
[WhiteTeamCountry "POL"]
[BlackTeamCountry "POL"]

1. e4 e5 2. Nf3 Nf6 3. d4 Nxe4 4. Bd3 d5 5. Nxe5 Bd6 6. 0-0 0-0 7. c4 Nf6 8. Bg5 Be7 9. Nc3 Be6 10. c5 c6 11. f4 h6 12. Bh4 Nfd7 13. Bxe7 Qxe7 14. f5 Nxe5 15. dxe5 Qxc5+ 16. Kh1 Bc8 17. Qd2 d4 18. Ne4 Qxe5 19. f6 Bf5 20. Rae1 Bg6 21. Rf3 Nd7 22. fxg7 Kxg7 23. Nf6 Qd6 24. Ng4 Rh8 25. Ref1 f5 26. Bxf5 Bxf5 27. Rxf5 Raf8 28. Ne3 Rf6 29. Rxf6 Nxf6 30. Nf5+ 1-0